000 00456nam a2200145Ia 4500
999 _c5759
_d5759
020 _a978-0-521-86828-0
082 _a302.094 JAH-S
100 _aJahoda, Gustav
245 0 _aHistory of social psychology: from the eighteenth-century enlightenment to the second world war
260 _aCambridge
_bCambridge University
_c2007
300 _aix, 242
504 _aincludes bibliography and index
650 _aSocial psychology
_vHistory
_zEurope
942 _cBK